Piłka nożna - Kto wtedy grał? #2 - Statystyki

Ogólne statystyki
  • Ten quiz został rozwiązany 135 razy
  • Średni wynik to 10 z 22
Statystyki odpowiedzi
Hint Odpowiedź % Poprawnych
GK Dudek
96%
LB Maldini
86%
DM Gerrard
83%
GK Dida
78%
ACM Kaka
63%
CM Pirlo
57%
CB Nesta
53%
FC Shevchenko
52%
DM Alonso
49%
DM Gattuso
49%
CB Carragher
48%
RB Cafu
43%
FC Crespo
43%
DM Seedorf
42%
LW Riise
38%
FC Baros
30%
CB Stam
29%
CB Hyypia
27%
ACM Kewell
17%
RW Garcia
13%
LB Traore
11%
RB Finnan
8%
Nie znaleziono quizów pasujących do podanych kryteriów
Rozkład punktacji
Procent ludzi z każdym wynikiem
Percentyl według liczby udzielonych odpowiedzi
Twoja historia wyników
Nie rozwiązałeś tego quizu